| 000 | 01358nam a2200349 a 4500 | ||
|---|---|---|---|
| 001 | ebr10723521 | ||
| 003 | CaPaEBR | ||
| 006 | m o u | ||
| 007 | cr cn||||||||| | ||
| 008 | 130207s2013 couabc sb 001 0 eng d | ||
| 010 | _z 2013003148 | ||
| 020 | _z9781607322269 (pbk. : alk. paper) | ||
| 020 | _z9781607322276 (e-book) | ||
| 040 |
_aCaPaEBR _cCaPaEBR |
||
| 035 | _a(OCoLC)849928909 | ||
| 043 | _an-us-co | ||
| 050 | 1 | 4 |
_aF776 _b.A22 2013eb |
| 082 | 0 | 4 |
_a978.8 _223 |
| 100 | 1 |
_aAbbott, Carl, _d1944- |
|
| 245 | 1 | 0 |
_aColorado _h[electronic resource] : _ba history of the Centennial State / _cCarl Abbott, Stephen J. Leonard, Thomas J. Noel. |
| 250 | _a5th ed. | ||
| 260 |
_aBoulder, Colo. : _bUniversity Press of Colorado, _c2013. |
||
| 300 |
_axvi, 575 p. : _bill., maps, port. |
||
| 504 | _aIncludes bibliographical references and index. | ||
| 533 |
_aElectronic reproduction. _bPalo Alto, Calif. : _cebrary, _d2013. _nAvailable via World Wide Web. _nAccess may be limited to ebrary affiliated libraries. |
||
| 651 | 0 |
_aColorado _xHistory. |
|
| 655 | 7 |
_aElectronic books. _2local |
|
| 700 | 1 |
_aLeonard, Stephen J., _d1941- |
|
| 700 | 1 |
_aNoel, Thomas J. _q(Thomas Jacob) |
|
| 710 | 2 | _aebrary, Inc. | |
| 856 | 4 | 0 |
_uhttp://site.ebrary.com/lib/rucke/Doc?id=10723521 _zAn electronic book accessible through the World Wide Web; click to view |
| 999 |
_c38374 _d38374 |
||